| 000 | 00390nam a2200157 a 4500 | ||
|---|---|---|---|
| 001 | 35100 | ||
| 005 | 20180714003350.0 | ||
| 008 | 140415s1981 000 0 spa d | ||
| 020 | _a8402077609 | ||
| 041 | _aspa | ||
| 082 |
_a297.1 _bLIB |
||
| 245 | 0 | 3 | _aEL LIBRO DE JOMEINI |
| 260 |
_a[s.l.] : _bBRUGUERA, _c1981 |
||
| 300 | _a157 | ||
| 650 | 1 | 4 |
_aISLAMISMO _xMORAL ISLAMICA |
| 999 |
_c35100 _d35100 |
||